A dictionary of ecology

Đã lưu trong:
Sonraí Bibleagrafaíochta
Príomhúdar: Michael Allaby
Formáid: Leabhar
Teanga:Undetermined
Foilsithe: Oxford Oxford University Press 1998
Clibeanna: Cuir Clib Leis
Gan Chlibeanna, Bí ar an gcéad duine leis an taifead seo a chlibeáil!
Thư viện lưu trữ: Trung tâm Học liệu Trường Đại học Cần Thơ
LEADER 00406nam a2200157Ia 4500
001 CTU_65461
008 210402s9999 xx 000 0 und d
020 |b 295000 
082 |a 577.02 
082 |b D554 
100 |a Michael Allaby 
245 2 |a A dictionary of ecology 
260 |a Oxford 
260 |b Oxford University Press 
260 |c 1998 
980 |a Trung tâm Học liệu Trường Đại học Cần Thơ